| Tag |
First Indicator |
Second Indicator |
Subfields |
| LEADER |
00000cam a2200000 a 4500 |
| 001 |
in00000007207 |
| 005 |
20230714094025.0 |
| 008 |
870424s1987 nyua b 100 0 eng |
| 010 |
|
|
|a 87071096
|
| 019 |
|
|
|a 16309393
|
| 029 |
1 |
|
|a AU@
|b 000005902863
|
| 035 |
|
|
|a (OCoLC)ocm18051182
|
| 035 |
|
|
|a (OCoLC)18051182
|z (OCoLC)16309393
|
| 035 |
|
|
|a (OCoLC)ocm18051182
|
| 040 |
|
|
|a DLC
|b eng
|c DLC
|d OCL
|d BTCTA
|d OCLCG
|d OCLCO
|d OCLCF
|d OCLCQ
|d OCLCO
|d OCL
|d OCLCO
|d VYM
|d OCLCO
|
| 050 |
0 |
0 |
|a TA660.T34
|b R43 1987
|
| 082 |
0 |
0 |
|a 681.76/041
|2 19
|
| 245 |
0 |
0 |
|a Recent advances in structural dynamics :
|b presented at the 1987 Pressure Vessels and Piping Conference, San Diego, California, June 28-July 2, 1987 /
|c sponsored by the Pressure Vessels and Piping Division, ASME ; edited by H. Chung, H.D. Fisher.
|
| 260 |
|
|
|a New York, N.Y. (345 E. 47th St., New York 10017) :
|b American Society of Mechanical Engineers,
|c ©1987.
|
| 300 |
|
|
|a vi, 181 pages :
|b illustrations ;
|c 28 cm.
|
| 336 |
|
|
|a text
|b txt
|2 rdacontent
|
| 337 |
|
|
|a unmediated
|b n
|2 rdamedia
|
| 338 |
|
|
|a volume
|b nc
|2 rdacarrier
|
| 490 |
1 |
|
|a PVP ;
|v vol. 124
|
| 504 |
|
|
|a Includes bibliographical references.
|
| 530 |
|
|
|a Also issued online.
|
| 650 |
|
0 |
|a Pressure vessels
|v Congresses.
|
| 650 |
|
0 |
|a Piping
|v Congresses.
|
| 650 |
|
6 |
|a Récipients sous pression
|v Congrès.
|
| 650 |
|
6 |
|a Tuyauterie
|v Congrès.
|
| 650 |
|
7 |
|a Piping.
|2 fast
|0 (OCoLC)fst01064723
|
| 650 |
|
7 |
|a Pressure vessels.
|2 fast
|0 (OCoLC)fst01075984
|
| 655 |
|
7 |
|a Conference papers and proceedings.
|2 fast
|0 (OCoLC)fst01423772
|
| 655 |
|
7 |
|a Conference papers and proceedings.
|2 lcgft
|
| 655 |
|
7 |
|a Actes de congrès.
|2 rvmgf
|
| 700 |
1 |
|
|a Chung, H.
|q (Howard),
|d 1943-
|
| 700 |
1 |
|
|a Fisher, H. D.
|q (H. Don)
|
| 711 |
2 |
|
|a Pressure Vessels and Piping Conference
|d (1987 :
|c San Diego, Calif.)
|
| 710 |
2 |
|
|a American Society of Mechanical Engineers.
|b Pressure Vessels and Piping Division.
|
| 776 |
0 |
8 |
|i Online version:
|t Recent advances in structural dynamics.
|d New York, N.Y. (345 E. 47th St., New York 10017) : American Society of Mechanical Engineers, ©1987
|w (OCoLC)568021489
|
| 830 |
|
0 |
|a PVP (Series) ;
|v vol. 124.
|
| 938 |
|
|
|a Baker and Taylor
|b BTCP
|n 87071096 //r922
|
| 948 |
|
|
|h HELD BY TXA - 64 OTHER HOLDINGS
|
| 994 |
|
|
|a Z0
|b TXA
|
| 999 |
f |
f |
|s 327eb9f7-45bd-3e11-a898-cc981ef556bf
|i ceb59ad0-3cd7-3538-9ed6-c6f2e70d312a
|t 0
|
| 952 |
f |
f |
|p ric
|a Texas A&M University
|b Rellis Campus
|c Joint Library Facility
|s JLF
|d Remote Storage
|t 0
|e TA654 .P73 1987
|h Library of Congress classification
|i unmediated -- volume
|m A14812543304
|